Mestská viacúčelová hala v Trnave

Saved in:
Bibliographic Details
Main Author: Tomovič, Martin (Author)
Other Authors: Magura, Martin (Thesis advisor)
Format: Manuscript Book
Language:Slovak
Published: 2019
Subjects:
Online Access:http://is.stuba.sk/zp/portal_zp.pl?podrobnosti=145212
https://opac.crzp.sk/?fn=detailBiblioForm&sid=9F8942B94996237AA2F81FF666DC
Tags: Add Tag
No Tags, Be the first to tag this record!

MARC

LEADER 00000ntm a22000003a 4500
001 stuzp73456
003 SK-STU
005 20230609140808.8
007 ta
008 150427s2015----xo-----f-mn---000-0-slo-d
040 |a STU  |b slo 
041 0 |a slo 
100 1 |a Tomovič, Martin  |u 010190  |k Z4  |4 aut  |U SvF Stavebná fakulta  |T SvF Katedra kovových a drevených konštrukcií  |X 75682  |U V190  |Y 21  |7 75682 
242 0 1 |a Multifunctional City hall in Trnava  |y eng 
245 1 0 |a Mestská viacúčelová hala v Trnave 
260 |c 2019 
650 4 |a vzpínadlový nosník  |2 slo 
650 4 |a nosná konštrukcia  |2 slo 
650 4 |a viacúčelová hala  |2 slo 
650 4 |a stringht beam  |2 eng 
650 4 |a multifunctional hall  |2 eng 
650 4 |a bearing construction  |2 eng 
700 1 |a Magura, Martin  |u 010190  |k Z1  |4 ths  |U SvF Stavebná fakulta  |T SvF Katedra kovových a drevených konštrukcií  |X 2620  |U V190  |Y 21  |7 A000002620 
856 4 |u http://is.stuba.sk/zp/portal_zp.pl?podrobnosti=145212 
856 4 |u https://opac.crzp.sk/?fn=detailBiblioForm&sid=9F8942B94996237AA2F81FF666DC